[Event "ODJM C 2018"]
[Site "Willingen GER"]
[Date "2018.05.20"]
[Round "1"]
[White "I., Natascha"]
[Black "Sarian, Gaya"]
[Result "1/2-1/2"]
[Termination "normal"]
[Board "3"]
[WhiteElo "1131"]
[BlackElo "1143"]
[WhiteClock "00:03:53"]
[BlackClock "00:16:07"]
[PlyCount "238"]
[WhiteFideId "16257545"]
[BlackFideId "16266161"]
[EventCountry "GER"]
[EventRounds "9"]
[EventType "swiss"]
[EventDate "2018.05.19"]

1. e4 {[%clk 1:30:57]} 1... e5 {[%clk 1:30:52]} 2. Nf3 {[%clk 1:31:18]} 2...
Nc6 {[%clk 1:31:06]} 3. d4 {[%clk 1:31:33]} 3... exd4 {[%clk 1:30:26]} 4. Nxd4
{[%clk 1:31:56]} 4... Nxd4 {[%clk 1:30:36]} 5. Qxd4 {[%clk 1:32:18]} 5... c6 {
[%clk 1:28:56]} 6. Nc3 {[%clk 1:32:33]} 6... Qf6 {[%clk 1:28:22]} 7. Qe3 {
[%clk 1:32:38]} 7... Bb4 {[%clk 1:27:36]} 8. Bd2 {[%clk 1:32:46]} 8... Ne7 {
[%clk 1:26:40]} 9. Bc4 {[%clk 1:30:59]} 9... d6 {[%clk 1:25:01]} 10. Bb3 {
[%clk 1:29:49]} 10... Bg4 {[%clk 1:23:14]} 11. f3 {[%clk 1:28:21]} 11... Bh5 {
[%clk 1:21:18]} 12. Qf2 {[%clk 1:26:14]} 12... Bc5 {[%clk 1:14:17]} 13. Qg3 {
[%clk 1:24:22]} 13... Qg6 {[%clk 1:12:42]} 14. Qh3 {[%clk 1:21:19]} 14... f5 {
[%clk 1:09:23]} 15. exf5 {[%clk 1:20:28]} 15... Qxf5 {[%clk 1:09:19]} 16. g4 {
[%clk 1:19:07]} 16... Qe5+ {[%clk 1:08:43]} 17. Ne4 {[%clk 1:14:47]} 17... Bg6
{[%clk 1:08:26]} 18. O-O-O {[%clk 1:13:17]} 18... Bxe4 {[%clk 1:02:49]} 19.
Rhe1 {[%clk 1:00:57]} 19... d5 {[%clk 1:00:10]} 20. fxe4 {[%clk 1:00:04]} 20...
d4 {[%clk 0:52:28]} 21. g5 {[%clk 0:54:06]} 21... Rd8 {[%clk 0:46:02]} 22. Rf1
{[%clk 0:51:30]} 22... Rd7 {[%clk 0:42:14]} 23. Be6 {[%clk 0:48:14]} 23... Rd6
{[%clk 0:40:33]} 24. Bf7+ {[%clk 0:47:47]} 24... Kd8 {[%clk 0:39:27]} 25. Bf4 {
[%clk 0:45:35]} 25... Qxe4 {[%clk 0:37:12]} 26. Bxd6 {[%clk 0:45:31]} 26...
Bxd6 {[%clk 0:36:22]} 27. Rde1 {[%clk 0:45:44]} 27... Bf4+ {[%clk 0:34:16]} 28.
Kb1 {[%clk 0:42:43]} 28... Be3 {[%clk 0:33:57]} 29. Rd1 {[%clk 0:34:41]} 29...
c5 {[%clk 0:33:30]} 30. Rf3 {[%clk 0:30:57]} 30... Bxg5 {[%clk 0:31:13]} 31.
Rff1 {[%clk 0:23:50]} 31... h6 {[%clk 0:25:10]} 32. Qf3 {[%clk 0:21:33]} 32...
Qxf3 {[%clk 0:24:58]} 33. Rxf3 {[%clk 0:21:54]} 33... Kc7 {[%clk 0:22:10]} 34.
Be6 {[%clk 0:20:11]} 34... Bf6 {[%clk 0:21:09]} 35. Rh3 {[%clk 0:17:08]} 35...
Ng6 {[%clk 0:19:18]} 36. Ra3 {[%clk 0:14:48]} 36... a6 {[%clk 0:18:05]} 37. Ra5
{[%clk 0:14:58]} 37... Kb6 {[%clk 0:17:25]} 38. Ra3 {[%clk 0:14:41]} 38... Nf4
{[%clk 0:17:14]} 39. Bg4 {[%clk 0:14:01]} 39... h5 {[%clk 0:16:23]} 40. Bf3 {
[%clk 0:14:08]} 40... Ka7 {[%clk 0:15:24]} 41. Ra4 {[%clk 0:11:53]} 41... b5 {
[%clk 0:13:43]} 42. Ra3 {[%clk 0:10:34]} 42... c4 {[%clk 0:12:32]} 43. Be4 {
[%clk 0:08:24]} 43... Re8 {[%clk 0:09:10]} 44. Bf5 {[%clk 0:06:20]} 44... Re2 {
[%clk 0:08:02]} 45. Rf3 {[%clk 0:05:19]} 45... Nd5 {[%clk 0:05:49]} 46. Rdf1 {
[%clk 0:03:55]} 46... d3 {[%clk 0:05:10]} 47. R3f2 {[%clk 0:02:51]} 47... dxc2+
{[%clk 0:04:11]} 48. Bxc2 {[%clk 0:02:57]} 48... Re3 {[%clk 0:01:17]} 49. Rf3 {
[%clk 0:03:08]} 49... Re6 {[%clk 0:28:49]} 50. Bf5 {[%clk 0:30:17]} 50... Rd6 {
[%clk 0:27:24]} 51. Be4 {[%clk 0:29:06]} 51... Be5 {[%clk 0:25:02]} 52. Bxd5 {
[%clk 0:29:13]} 52... Rxd5 {[%clk 0:25:17]} 53. Rf5 {[%clk 0:28:55]} 53... g6 {
[%clk 0:25:18]} 54. Rg5 {[%clk 0:28:34]} 54... Rc5 {[%clk 0:24:20]} 55. Re1 {
[%clk 0:26:42]} 55... Bd6 {[%clk 0:24:29]} 56. Rxc5 {[%clk 0:27:04]} 56... Bxc5
{[%clk 0:24:45]} 57. Re6 {[%clk 0:27:05]} 57... Bg1 {[%clk 0:22:48]} 58. h3 {
[%clk 0:27:09]} 58... g5 {[%clk 0:22:27]} 59. Kc2 {[%clk 0:26:56]} 59... g4 {
[%clk 0:22:13]} 60. hxg4 {[%clk 0:27:18]} 60... hxg4 {[%clk 0:22:06]} 61. Rg6 {
[%clk 0:28:12]} 61... Bc5 {[%clk 0:21:38]} 62. Rxg4 {[%clk 0:28:19]} 62... Kb6
{[%clk 0:21:51]} 63. a3 {[%clk 0:28:30]} 63... a5 {[%clk 0:21:30]} 64. Rg6+ {
[%clk 0:28:36]} 64... Kb7 {[%clk 0:21:29]} 65. Kd2 {[%clk 0:28:09]} 65... a4 {
[%clk 0:21:12]} 66. Re6 {[%clk 0:25:43]} 66... Kc7 {[%clk 0:20:59]} 67. Ke1 {
[%clk 0:25:15]} 67... b4 {[%clk 0:20:25]} 68. axb4 {[%clk 0:25:33]} 68... Bxb4+
{[%clk 0:20:23]} 69. Kd1 {[%clk 0:25:47]} 69... Kb7 {[%clk 0:20:26]} 70. Kc2 {
[%clk 0:26:06]} 70... Ka7 {[%clk 0:19:18]} 71. Rc6 {[%clk 0:26:02]} 71... a3 {
[%clk 0:19:26]} 72. bxa3 {[%clk 0:24:06]} 72... Bxa3 {[%clk 0:19:28]} 73. Rxc4
{[%clk 0:24:18]} 73... Kb6 {[%clk 0:19:39]} 74. Rg4 {[%clk 0:24:36]} 74... Kc6
{[%clk 0:19:29]} 75. Kc3 {[%clk 0:24:59]} 75... Kd5 {[%clk 0:19:34]} 76. Ra4 {
[%clk 0:24:46]} 76... Be7 {[%clk 0:19:46]} 77. Kd3 {[%clk 0:23:34]} 77... Ke5 {
[%clk 0:19:58]} 78. Re4+ {[%clk 0:23:49]} 78... Kd6 {[%clk 0:19:57]} 79. Kc4 {
[%clk 0:23:17]} 79... Kd7 {[%clk 0:20:00]} 80. Kd5 {[%clk 0:23:37]} 80... Ba3 {
[%clk 0:19:40]} 81. Rg4 {[%clk 0:23:25]} 81... Ke7 {[%clk 0:19:57]} 82. Rg6 {
[%clk 0:23:08]} 82... Bb2 {[%clk 0:20:16]} 83. Re6+ {[%clk 0:23:17]} 83... Kd7
{[%clk 0:20:32]} 84. Rb6 {[%clk 0:23:07]} 84... Ba3 {[%clk 0:20:12]} 85. Rb7+ {
[%clk 0:23:24]} 85... Kc8 {[%clk 0:20:16]} 86. Rh7 {[%clk 0:23:42]} 86... Kd8 {
[%clk 0:20:07]} 87. Kc6 {[%clk 0:23:51]} 87... Bb2 {[%clk 0:20:12]} 88. Rd7+ {
[%clk 0:22:12]} 88... Kc8 {[%clk 0:20:22]} 89. Rb7 {[%clk 0:21:03]} 89... Bd4 {
[%clk 0:20:10]} 90. Rb5 {[%clk 0:18:58]} 90... Kd8 {[%clk 0:20:06]} 91. Rb7 {
[%clk 0:19:16]} 91... Kc8 {[%clk 0:20:05]} 92. Rf7 92... Kb8 {[%clk 0:19:57]}
93. Kb5 {[%clk 0:16:58]} 93... Kc8 {[%clk 0:19:51]} 94. Rh7 {[%clk 0:16:53]}
94... Kd8 {[%clk 0:19:48]} 95. Kc6 {[%clk 0:17:04]} 95... Bc3 {[%clk 0:19:56]}
96. Rf7 {[%clk 0:17:11]} 96... Bb4 {[%clk 0:19:54]} 97. Rc7 {[%clk 0:16:34]}
97... Bc3 {[%clk 0:19:05]} 98. Kb7 {[%clk 0:16:28]} 98... Ba5 {[%clk 0:19:07]}
99. Rh7 {[%clk 0:16:44]} 99... Ke8 {[%clk 0:18:58]} 100. Kc6 {[%clk 0:16:52]}
100... Kd8 {[%clk 0:19:08]} 101. Kd6 {[%clk 0:16:05]} 101... Ke8 { [%clk
0:19:21]} 102. Rd7 {[%clk 0:16:06]} 102... Bb4+ {[%clk 0:19:09]} 103. Ke6
{[%clk 0:16:13]} 103... Be1 {[%clk 0:18:36]} 104. Kd6 {[%clk 0:15:58]} 104...
Bb4+ {[%clk 0:18:32]} 105. Kc6 {[%clk 0:15:43]} 105... Ba3 {[%clk 0:18:26]}
106. Kc7 {[%clk 0:13:58]} 106... Bb2 {[%clk 0:18:19]} 107. Kd6 {[%clk 0:12:07]}
107... Be5+ {[%clk 0:17:59]} 108. Ke6 {[%clk 0:12:19]} 108... Bf4 { [%clk
0:17:17]} 109. Rd5 {[%clk 0:10:15]} 109... Be3 {[%clk 0:16:50]} 110. Rd7 {[%clk
0:09:55]} 110... Kf8 {[%clk 0:16:54]} 111. Kf6 {[%clk 0:07:34]} 111... Bb6
{[%clk 0:16:32]} 112. Rb7 {[%clk 0:04:38]} 112... Bd8+ {[%clk 0:16:30]} 113.
Ke6 {[%clk 0:04:37]} 113... Bh4 {[%clk 0:16:19]} 114. Rd7 {[%clk 0:03:56]}
114... Bg5 {[%clk 0:16:07]} 115. Rh7 {[%clk 0:03:53]} 115... Bd2 116. Rd7 Bg5
117. Rf7+ Kg8 118. Rd7 Kf8 119. Rf7+ Kg8 1/2-1/2

[Event "ODJM C 2018"]
[Site "Willingen GER"]
[Date "2018.05.20"]
[Round "1"]
[White "Wagner, Xaver Korbinian"]
[Black "Glöckl, Simon"]
[Result "0-1"]
[Termination "normal"]
[Board "4"]
[WhiteElo "1127"]
[BlackElo "1321"]
[WhiteClock "01:27:11"]
[BlackClock "01:27:54"]
[PlyCount "58"]
[BlackFideId "16266072"]
[EventCountry "GER"]
[EventRounds "9"]
[EventType "swiss"]
[EventDate "2018.05.19"]

1. e4 {[%clk 1:30:56]} 1... d6 {[%clk 1:30:51]} 2. Nf3 {[%clk 1:31:18]} 2... c5
{[%clk 1:30:54]} 3. Bc4 {[%clk 1:31:11]} 3... Nf6 {[%clk 1:30:16]} 4. Nc3 {
[%clk 1:31:17]} 4... Nc6 {[%clk 1:29:15]} 5. d3 {[%clk 1:31:40]} 5... Bg4 {
[%clk 1:28:00]} 6. h3 {[%clk 1:31:55]} 6... Bh5 {[%clk 1:28:05]} 7. Bb5 { [%clk
1:32:20]} 7... a6 {[%clk 1:27:35]} 8. Ba4 {[%clk 1:32:39]} 8... b5 { [%clk
1:27:47]} 9. Nxb5 {[%clk 1:33:01]} 9... axb5 {[%clk 1:27:43]} 10. Bxb5 { [%clk
1:33:28]} 10... Qa5+ {[%clk 1:27:01]} 11. Bd2 {[%clk 1:32:09]} 11... Qxb5
{[%clk 1:27:21]} 12. b3 {[%clk 1:31:51]} 12... e6 {[%clk 1:27:28]} 13. g4 {
[%clk 1:32:01]} 13... Bg6 {[%clk 1:27:26]} 14. c4 {[%clk 1:31:33]} 14... Qb7 {
[%clk 1:26:42]} 15. h4 {[%clk 1:31:18]} 15... h6 {[%clk 1:26:30]} 16. h5 {
[%clk 1:31:29]} 16... Bh7 {[%clk 1:26:48]} 17. d4 {[%clk 1:28:13]} 17... Nxd4 {
[%clk 1:26:22]} 18. Nxd4 {[%clk 1:27:49]} 18... Qxe4+ {[%clk 1:26:10]} 19. Qe2
{[%clk 1:27:09]} 19... Qxh1+ {[%clk 1:26:15]} 20. Qf1 {[%clk 1:27:25]} 20...
Qxf1+ {[%clk 1:26:38]} 21. Kxf1 {[%clk 1:27:47]} 21... cxd4 {[%clk 1:26:48]}
22. Bf4 {[%clk 1:27:54]} 22... e5 {[%clk 1:26:59]} 23. g5 {[%clk 1:27:47]}
23... Nxh5 {[%clk 1:27:01]} 24. Bd2 {[%clk 1:28:03]} 24... hxg5 {[%clk 1:26:55]
} 25. Bxg5 {[%clk 1:28:18]} 25... Be7 {[%clk 1:27:07]} 26. Bxe7 {[%clk 1:28:30]
} 26... Kxe7 {[%clk 1:27:28]} 27. Kg2 {[%clk 1:28:43]} 27... Nf4+ { [%clk
1:27:43]} 28. Kf3 {[%clk 1:28:49]} 28... Bf5 {[%clk 1:27:38]} 29. Re1 { [%clk
1:27:11]} 29... Rh3# {[%clk 1:27:54]} 0-1

[Event "ODJM C 2018"]
[Site "Willingen GER"]
[Date "2018.05.20"]
[Round "1"]
[White "Grimm, Nicola Marie"]
[Black "Guo, Jacob Tingshen"]
[Result "1-0"]
[Termination "normal"]
[Board "5"]
[WhiteElo "1439"]
[BlackElo "1108"]
[WhiteClock "00:34:38"]
[BlackClock "01:06:19"]
[PlyCount "89"]
[WhiteFideId "12988987"]
[BlackFideId "16245245"]
[EventCountry "GER"]
[EventRounds "9"]
[EventType "swiss"]
[EventDate "2018.05.19"]

1. d4 {[%clk 1:30:55]} 1... d5 {[%clk 1:30:48]} 2. Bf4 {[%clk 1:31:12]} 2...
Nc6 {[%clk 1:30:35]} 3. Nf3 {[%clk 1:30:49]} 3... Nf6 {[%clk 1:30:22]} 4. e3 {
[%clk 1:30:55]} 4... Bf5 {[%clk 1:29:19]} 5. c3 {[%clk 1:30:14]} 5... e6 {
[%clk 1:29:26]} 6. Bd3 {[%clk 1:30:13]} 6... Bg6 {[%clk 1:28:23]} 7. Qc2 {
[%clk 1:28:11]} 7... Bxd3 {[%clk 1:27:53]} 8. Qxd3 {[%clk 1:28:30]} 8... a6 {
[%clk 1:27:53]} 9. Nbd2 {[%clk 1:28:41]} 9... Bd6 {[%clk 1:27:48]} 10. Bg3 {
[%clk 1:23:13]} 10... Nh5 {[%clk 1:27:04]} 11. Bxd6 {[%clk 1:16:51]} 11... cxd6
{[%clk 1:26:49]} 12. O-O {[%clk 1:16:31]} 12... Nf6 {[%clk 1:26:34]} 13. Rac1 {
[%clk 1:12:28]} 13... b5 {[%clk 1:26:32]} 14. Rfe1 {[%clk 1:12:14]} 14... Qd7 {
[%clk 1:25:50]} 15. e4 {[%clk 1:04:00]} 15... Ne7 {[%clk 1:21:46]} 16. e5 {
[%clk 1:00:05]} 16... Ng4 {[%clk 1:18:45]} 17. h3 {[%clk 0:54:58]} 17... Nh6 {
[%clk 1:18:17]} 18. Nb3 {[%clk 0:54:14]} 18... Nhf5 {[%clk 1:17:39]} 19. exd6 {
[%clk 0:52:22]} 19... Qxd6 {[%clk 1:17:01]} 20. Qe2 {[%clk 0:51:18]} 20... Rc8
{[%clk 1:16:09]} 21. Ne5 {[%clk 0:51:15]} 21... Nc6 {[%clk 1:15:36]} 22. Nxc6 {
[%clk 0:45:54]} 22... Rxc6 {[%clk 1:15:22]} 23. Nc5 {[%clk 0:40:46]} 23... Qc7
{[%clk 1:12:48]} 24. Qg4 {[%clk 0:39:10]} 24... h6 {[%clk 1:10:36]} 25. Qxf5 {
[%clk 0:38:08]} 25... Kd8 {[%clk 1:08:43]} 26. Qe5 {[%clk 0:37:27]} 26... Qxe5
{[%clk 1:08:36]} 27. Rxe5 {[%clk 0:37:47]} 27... Ke7 {[%clk 1:08:38]} 28. Rce1
{[%clk 0:37:43]} 28... h5 {[%clk 1:07:44]} 29. Rxd5 {[%clk 0:37:47]} 29... a5 {
[%clk 1:06:35]} 30. Rd7+ {[%clk 0:37:08]} 30... Ke8 {[%clk 1:06:39]} 31. Ra7 {
[%clk 0:37:10]} 31... Rb6 {[%clk 1:05:37]} 32. Ra8+ {[%clk 0:37:19]} 32... Ke7
{[%clk 1:05:34]} 33. Rxh8 {[%clk 0:37:39]} 33... b4 {[%clk 1:05:45]} 34. Rxh5 {
[%clk 0:37:38]} 34... bxc3 {[%clk 1:05:39]} 35. bxc3 {[%clk 0:37:37]} 35... Rb5
{[%clk 1:05:57]} 36. a4 {[%clk 0:37:30]} 36... Rb6 {[%clk 1:06:10]} 37. Rhe5 {
[%clk 0:37:37]} 37... Rc6 {[%clk 1:05:58]} 38. R5e3 {[%clk 0:36:04]} 38... Rb6
{[%clk 1:05:57]} 39. d5 {[%clk 0:36:13]} 39... Kd6 {[%clk 1:05:57]} 40. dxe6 {
[%clk 0:35:08]} 40... fxe6 {[%clk 1:06:00]} 41. Nxe6 {[%clk 0:35:19]} 41... g6
{[%clk 1:06:20]} 42. Nf8 {[%clk 0:35:25]} 42... g5 {[%clk 1:06:36]} 43. Rd3+ {
[%clk 0:35:05]} 43... Kc7 {[%clk 1:06:15]} 44. Ne6+ {[%clk 0:34:33]} 44... Kb7
{[%clk 1:06:19]} 45. Nxg5 {[%clk 0:34:38]} 1-0

[Event "ODJM C 2018"]
[Site "Willingen GER"]
[Date "2018.05.20"]
[Round "1"]
[White "Hernando, Leonard"]
[Black "Winkler, Yonathan"]
[Result "1-0"]
[Termination "normal"]
[Board "6"]
[WhiteElo "1107"]
[BlackElo "1307"]
[WhiteClock "00:59:41"]
[BlackClock "01:06:17"]
[PlyCount "103"]
[WhiteFideId "16266170"]
[BlackFideId "16266080"]
[EventCountry "GER"]
[EventRounds "9"]
[EventType "swiss"]
[EventDate "2018.05.19"]

1. e4 {[%clk 1:30:30]} 1... e5 {[%clk 1:30:55]} 2. Nf3 {[%clk 1:31:11]} 2...
Nc6 {[%clk 1:31:20]} 3. Bc4 {[%clk 1:31:25]} 3... Nf6 {[%clk 1:31:41]} 4. d4 {
[%clk 1:31:41]} 4... exd4 {[%clk 1:32:00]} 5. e5 {[%clk 1:31:53]} 5... Ng4 {
[%clk 1:32:02]} 6. Bxf7+ {[%clk 1:32:08]} 6... Kxf7 {[%clk 1:32:10]} 7. Ng5+ {
[%clk 1:32:21]} 7... Ke8 {[%clk 1:31:23]} 8. Qxg4 {[%clk 1:32:38]} 8... h5 {
[%clk 1:28:00]} 9. Qf3 {[%clk 1:32:43]} 9... Qe7 {[%clk 1:27:48]} 10. Bf4 {
[%clk 1:31:50]} 10... Nxe5 {[%clk 1:26:01]} 11. Qe4 {[%clk 1:30:26]} 11... d6 {
[%clk 1:23:18]} 12. Bxe5 {[%clk 1:29:52]} 12... dxe5 {[%clk 1:22:45]} 13. Nf3 {
[%clk 1:29:43]} 13... Qe6 {[%clk 1:20:02]} 14. Qxe5 {[%clk 1:29:36]} 14...
Qxe5+ {[%clk 1:18:40]} 15. Nxe5 {[%clk 1:29:48]} 15... Be7 {[%clk 1:19:03]} 16.
O-O {[%clk 1:29:15]} 16... Bf6 {[%clk 1:19:00]} 17. Nf3 {[%clk 1:27:41]} 17...
d3 {[%clk 1:19:19]} 18. c3 {[%clk 1:27:31]} 18... b6 {[%clk 1:19:41]} 19. Re1+
{[%clk 1:27:45]} 19... Kd8 {[%clk 1:19:35]} 20. Nbd2 {[%clk 1:27:40]} 20... Bb7
{[%clk 1:18:46]} 21. Rad1 {[%clk 1:27:32]} 21... Kc8 {[%clk 1:17:39]} 22. Re3 {
[%clk 1:24:52]} 22... Rd8 {[%clk 1:08:30]} 23. Ne4 {[%clk 1:23:47]} 23... Ba6 {
[%clk 1:07:12]} 24. Ne1 {[%clk 1:21:42]} 24... c5 {[%clk 1:07:01]} 25. b3 {
[%clk 1:20:03]} 25... Bxc3 {[%clk 1:06:38]} 26. Nxc3 {[%clk 1:19:53]} 26... b5
{[%clk 1:05:42]} 27. Rexd3 {[%clk 1:18:21]} 27... Rxd3 {[%clk 1:06:00]} 28.
Nxd3 {[%clk 1:18:23]} 28... b4 {[%clk 1:05:17]} 29. Nxc5 {[%clk 1:17:53]} 29...
bxc3 {[%clk 1:05:19]} 30. Nxa6 {[%clk 1:18:08]} 30... Kb7 {[%clk 1:05:38]} 31.
Nc5+ {[%clk 1:17:59]} 31... Kb6 {[%clk 1:05:59]} 32. Na4+ {[%clk 1:18:11]}
32... Ka5 {[%clk 1:06:18]} 33. Nxc3 {[%clk 1:18:12]} 33... Rc8 {[%clk 1:06:41]}
34. Na4 {[%clk 1:14:53]} 34... Kb4 {[%clk 1:06:41]} 35. f3 {[%clk 1:11:30]}
35... Rc2 {[%clk 1:06:45]} 36. Ra1 {[%clk 1:10:57]} 36... Rc6 {[%clk 1:05:53]}
37. Nb2 {[%clk 1:10:56]} 37... a5 {[%clk 1:05:54]} 38. Nd3+ {[%clk 1:10:54]}
38... Ka3 {[%clk 1:05:35]} 39. Rc1 {[%clk 1:10:10]} 39... Rb6 {[%clk 1:05:40]}
40. Rc2 {[%clk 1:09:46]} 40... Rd6 {[%clk 1:05:26]} 41. Nc1 {[%clk 1:08:21]}
41... a4 {[%clk 1:04:55]} 42. bxa4 {[%clk 1:07:14]} 42... Kxa4 {[%clk 1:05:17]}
43. Rc3 {[%clk 1:06:06]} 43... Kb4 {[%clk 1:05:33]} 44. Rd3 {[%clk 1:05:44]}
44... Re6 {[%clk 1:05:47]} 45. Kf2 {[%clk 1:05:09]} 45... Rc6 {[%clk 1:06:02]}
46. Ne2 {[%clk 1:02:53]} 46... Ra6 {[%clk 1:05:46]} 47. a3+ {[%clk 1:03:02]}
47... Kc4 {[%clk 1:06:02]} 48. Rc3+ 48... Kb5 {[%clk 1:06:20]} 49. Nd4+ { [%clk
1:02:25]} 49... Ka4 {[%clk 1:06:18]} 50. Ke3 {[%clk 0:59:44]} 50... Rb6 { [%clk
1:06:23]} 51. Rc6 {[%clk 0:59:40]} 51... Rb7 {[%clk 1:06:17]} 52. Ra6# { [%clk
0:59:41]} 1-0

[Event "ODJM C 2018"]
[Site "Willingen GER"]
[Date "2018.05.20"]
[Round "1"]
[White "Bakalarz, Adrian"]
[Black "Werner, Florin"]
[Result "1/2-1/2"]
[Termination "normal"]
[Board "7"]
[WhiteElo "1206"]
[BlackElo "1194"]
[PlyCount "41"]
[WhiteFideId "12955809"]
[BlackFideId "16250230"]
[EventCountry "GER"]
[EventRounds "9"]
[EventType "swiss"]
[EventDate "2018.05.19"]

1. e4 e5 2. d4 exd4 3. c3 dxc3 4. Nxc3 Bb4 5. Nf3 d6 6. Bd3 h6 7. O-O Bg4 8. h3
Bh5 9. Nd5 Bc5 10. Nf4 Bg6 11. Nxg6 fxg6 12. e5 Ne7 13. exd6 Bxd6 14. Re1 O-O
15. b3 Nbc6 16. Bb2 Qd7 17. Bc4+ Kh7 18. Be6 Qd8 19. Qc2 Nb4 20. Qc3 Rf6 21. g4
1/2-1/2

[Event "ODJM C 2018"]
[Site "Willingen GER"]
[Date "2018.05.20"]
[Round "1"]
[White "Schulz, Jonas"]
[Black "Richter, Gerrit"]
[Result "1-0"]
[Termination "normal"]
[Board "8"]
[WhiteElo "1078"]
[BlackElo "1428"]
[PlyCount "43"]
[WhiteFideId "16245172"]
[BlackFideId "12990825"]
[EventCountry "GER"]
[EventRounds "9"]
[EventType "swiss"]
[EventDate "2018.05.19"]

1. e4 c5 2. Nf3 Nc6 3. d4 cxd4 4. Nxd4 Nf6 5. Nc3 e5 6. Nxc6 bxc6 7. Bg5 Be7 8.
Bc4 Rb8 9. b3 O-O 10. O-O Qa5 11. Qe1 Rd8 12. Nd5 Qxe1 13. Nxe7+ Kf8 14. Rfxe1
Kxe7 15. Be3 Rb7 16. Bc5+ d6 17. Ba3 Ke8 18. Rad1 d5 19. exd5 cxd5 20. Ba6 Rc7
21. Bb5+ Bd7 22. Rxe5# 1-0

[Event "ODJM C 2018"]
[Site "Willingen GER"]
[Date "2018.05.20"]
[Round "1"]
[White "Borriss, Benjamin"]
[Black "Trenkelbach, Cassian Karl"]
[Result "1-0"]
[Termination "normal"]
[Board "9"]
[WhiteElo "1272"]
[BlackElo "1076"]
[PlyCount "61"]
[WhiteFideId "16266099"]
[BlackFideId "16266188"]
[EventCountry "GER"]
[EventRounds "9"]
[EventType "swiss"]
[EventDate "2018.05.19"]

1. d4 g6 2. c4 d5 3. Bf4 Nc6 4. Nc3 dxc4 5. e3 Nf6 6. Nf3 Bg7 7. Bxc4 Bf5 8.
Qb3 O-O 9. Qxb7 Qd7 10. Bb5 Rab8 11. Qxc6 a6 12. Qxd7 Bxd7 13. Bxd7 Nxd7 14.
Rb1 Nb6 15. O-O Nc4 16. b3 Na3 17. Rbc1 Nb5 18. Nd5 e6 19. Nxc7 Nxc7 20. Rxc7
Rbd8 21. Rfc1 Rb8 22. Ne5 Rbd8 23. Rb7 f6 24. Nc6 Rf7 25. Rxf7 Kxf7 26. Nxd8+
Kg8 27. Rc7 Kh8 28. Nxe6 Bf8 29. Nxf8 Kg8 30. Ne6 Kh8 31. Rc8# 1-0

[Event "ODJM C 2018"]
[Site "Willingen GER"]
[Date "2018.05.20"]
[Round "1"]
[White "Hoffmann, Alexander"]
[Black "Schneble, Milan"]
[Result "1-0"]
[Termination "normal"]
[Board "10"]
[WhiteElo "1059"]
[BlackElo "1258"]
[PlyCount "81"]
[WhiteFideId "16240219"]
[BlackFideId "16266102"]
[EventCountry "GER"]
[EventRounds "9"]
[EventType "swiss"]
[EventDate "2018.05.19"]

1. e4 e5 2. Nf3 Nc6 3. Bb5 Bc5 4. O-O Nge7 5. d3 a6 6. Bxc6 Nxc6 7. Nc3 d6 8.
h3 h6 9. Be3 Ba7 10. Qd2 Be6 11. Bxa7 Nxa7 12. d4 f6 13. d5 Bd7 14. Rfe1 O-O
15. Nh2 Qe8 16. Re3 c5 17. dxc6 Nxc6 18. Qxd6 Nd4 19. Rc1 Bc6 20. Ne2 Nxe2+ 21.
Rxe2 Qg6 22. Rce1 Rad8 23. Qe6+ Kh8 24. Qg4 Qf7 25. Ra1 Bb5 26. Ree1 Rd2 27.
Rec1 Qc4 28. a4 Bxa4 29. b3 Bxb3 30. cxb3 Qxb3 31. Qf3 Rd3 32. Qe2 Rfd8 33.
Rab1 Qa3 34. Rc7 Rd2 35. Qg4 Qf8 36. Rbxb7 Rd1+ 37. Nf1 g5 38. Qf5 R8d7 39.
Rxd7 Rxd7 40. Qxd7 Qg8 41. Rc7 1-0

[Event "ODJM C 2018"]
[Site "Willingen GER"]
[Date "2018.05.20"]
[Round "1"]
[White "Lohrmann, Linus"]
[Black "Ahrens, Malte"]
[Result "1-0"]
[Termination "normal"]
[Board "11"]
[WhiteElo "1369"]
[BlackElo "1046"]
[PlyCount "67"]
[WhiteFideId "12982857"]
[BlackFideId "16266196"]
[EventCountry "GER"]
[EventRounds "9"]
[EventType "swiss"]
[EventDate "2018.05.19"]

1. e4 e5 2. Nf3 Nc6 3. d4 d6 4. h3 f6 5. Bc4 Nge7 6. dxe5 fxe5 7. Ng5 Qd7 8.
Bf7+ Kd8 9. Ne6+ Qxe6 10. Bxe6 Bxe6 11. Nc3 Ng6 12. Bg5+ Be7 13. Bxe7+ Kxe7 14.
Nd5+ Ke8 15. Nxc7+ Ke7 16. Nxa8 Rxa8 17. O-O Rd8 18. Qd3 d5 19. Rfd1 Nf4 20.
Qa3+ Ke8 21. exd5 Nxd5 22. c4 Nd4 23. cxd5 Nc2 24. Qa4+ Bd7 25. Qxc2 g6 26. Qc7
Ba4 27. Qxe5+ Kf8 28. Qf6+ Ke8 29. Re1+ Kd7 30. Rac1 Re8 31. Qf7+ Kd6 32. Rxe8
Bxe8 33. Qxe8 b5 34. Qe6# 1-0

[Event "ODJM C 2018"]
[Site "Willingen GER"]
[Date "2018.05.20"]
[Round "1"]
[White "Vianden, Ella"]
[Black "Scharf, Christian"]
[Result "0-1"]
[Termination "normal"]
[Board "12"]
[WhiteElo "1044"]
[BlackElo "1246"]
[PlyCount "114"]
[WhiteFideId "16235592"]
[BlackFideId "16266110"]
[EventCountry "GER"]
[EventRounds "9"]
[EventType "swiss"]
[EventDate "2018.05.19"]

1. e4 e5 2. Nf3 Nc6 3. Bb5 Nf6 4. O-O Nxe4 5. d4 Nd6 6. Bxc6 dxc6 7. dxe5 Nc4
8. Qxd8+ Kxd8 9. b3 Nb6 10. Rd1+ Ke8 11. Bg5 Bg4 12. Rd3 Nd7 13. Nc3 Bf5 14.
Rd2 Bb4 15. Re2 Bxc3 16. Rd1 Bg4 17. Re3 Bxf3 18. Rxf3 Bxe5 19. Re3 f6 20. Bh4
g5 21. Bg3 Rd8 22. h4 h6 23. f3 Kf7 24. Bf2 Nb6 25. Red3 Rxd3 26. Rxd3 Re8 27.
c4 Ke7 28. Rd1 Rd8 29. Re1 Rd2 30. a4 Kf7 31. a5 Nc8 32. Be3 Rd3 33. b4 Bd4 34.
Bxd4 Rxd4 35. b5 Rxc4 36. bxc6 Rxc6 37. hxg5 hxg5 38. g3 b5 39. axb6 cxb6 40.
Rd1 b5 41. f4 gxf4 42. gxf4 b4 43. Kg2 Rb6 44. f5 b3 45. Rd7+ Ke8 46. Rd1 b2
47. Rb1 a5 48. Kf2 a4 49. Ke2 a3 50. Kd2 a2 51. Re1+ Kf7 52. Kc2 b1=Q+ 53. Rxb1
axb1=Q+ 54. Kc3 Rd6 55. Kc4 Qc1+ 56. Kb4 Rb6+ 57. Ka5 Qa1# 0-1

[Event "ODJM C 2018"]
[Site "Willingen GER"]
[Date "2018.05.20"]
[Round "1"]
[White "Wellßow, Keoki"]
[Black "Yang, Marco"]
[Result "1-0"]
[Termination "normal"]
[Board "13"]
[WhiteElo "1490"]
[BlackElo "1026"]
[PlyCount "31"]
[WhiteFideId "16251075"]
[BlackFideId "16254260"]
[EventCountry "GER"]
[EventRounds "9"]
[EventType "swiss"]
[EventDate "2018.05.19"]

1. d4 Nf6 2. Nf3 d5 3. Bf4 g6 4. e3 Bg7 5. c4 c6 6. Qb3 Be6 7. Qxb7 Nbd7 8. c5
Qa5+ 9. b4 Qd8 10. Ba6 O-O 11. Qxc6 Nb8 12. Qxa8 Nxa6 13. Qxd8 Rxd8 14. a3 Ne4
15. b5 Nc7 16. Bxc7 1-0